Con la venia-- yo indagué el 23-F / (Record no. 186799)

MARC details
000 -LEADER
campo de control de longitud fija 00778nam a2200253 i 4500
001 - NÚMERO DE CONTROL
campo de control 186799
003 - IDENTIFICADOR DE NÚMERO DE CONTROL
campo de control SpMaBN
005 - FECHA Y HORA DE LA ÚLTIMA TRANSACCIÓN
campo de control 20240105062953.0
008 - DATOS DE LONGITUD FIJA--INFORMACIÓN GENERAL
campo de control de longitud fija 170216s1982 sp afo |||| |dspa d
020 ## - NÚMERO INTERNACIONAL ESTÁNDAR DEL LIBRO
Número Internacional Estándar del Libro 84-7178-434-3
080 ## - NÚMERO DE LA CLASIFICACIÓN DECIMAL UNIVERSAL
Número de la Clasificación Decimal Universal 323.276(460)"1981"
100 0# - ENTRADA PRINCIPAL--NOMBRE DE PERSONA
Nombre de persona Urbano, Pilar,
Fechas asociadas al nombre 1940-
9 (RLIN) 112073
245 10 - MENCIÓN DEL TÍTULO
Título Con la venia-- yo indagué el 23-F /
Mención de responsabilidad, etc. Pilar Urbano.
250 ## - MENCION DE EDICION
Mención de edición 1ª ed.
260 ## - PUBLICACIÓN, DISTRIBUCIÓN, ETC.
Lugar de publicación, distribución, etc. Barcelona :
Nombre del editor, distribuidor, etc. Argos Vergara,
Fecha de publicación, distribución, etc. 1982.
300 ## - DESCRIPCIÓN FÍSICA
Extensión 445 p., [32] h. de lám. :
Otras características físicas il. ;
Dimensiones 22 cm.
490 1# - MENCIÓN DE SERIE
Mención de serie Primera plana ;
Designación de volumen o secuencia 8
500 ## - NOTA GENERAL
Nota general Anexo documental.
500 ## - NOTA GENERAL
Nota general Índice.
651 #7 - PUNTO DE ACCESO ADICIONAL DE MATERIA--NOMBRE GEOGRÁFICO
Nombre geográfico España-
Subdivisión general Historia-
Subdivisión cronológica 1981, Golpe de Estado.
9 (RLIN) 8339
830 0# - PUNTO DE ACCESO ADICIONAL DE SERIE-TÍTULO UNIFORME
Título uniforme Primera plana ;
Designación de volumen o secuencia 8
9 (RLIN) 180521
852 ## - LOCALIZACIÓN
Ubicación ES-MaACL
Número de control de estantería L-3875
Holdings
Estatus retirado Estado de pérdida Estado de daño No para préstamo Biblioteca de origen Biblioteca actual Ubicación en estantería Fecha de adquisición Fuente de adquisición Total de préstamos Signatura topográfica completa Código de barras Visto por última vez Precio de reemplazo Tipo de ítem Koha
        Biblioteca del Ateneo de Madrid Biblioteca del Ateneo de Madrid Depósito 2 16/02/2017     L-3875 1197039 23/02/2023 23/02/2023 Libro impreso